000 00643nam a2200205 a 4500
001 000008101
003 DO-SdBNP
005 20231009094024.0
008 910406s1988 mx 000 0 spa
040 _aDO-SdBNP
_bspa
_cBNPHU
082 _aA863.44
_bJ91c
100 1 _aJuan, Guillermo.
_d1906-1966
_922003
245 1 3 _aEl Compa Nacho /
_cGuillermo Juan.
260 _aMéxico, D. F. :
_bInstituto Politécnico Nacional,
_c1988 (2a. reimpresión, 1994)
300 _a191 p. ;
_c20 cm.
500 _aLa biblioteca posee la 2a. reimpresión.
650 4 _aNovela argentina
_93941
650 4 _aLiteratura argentina
_93860
942 _2ddc
_cLBS1
999 _c7878
_d7878